| 000 | 01317cam a2200397 a 4500 | ||
|---|---|---|---|
| 001 | 4214 | ||
| 003 | FISKH | ||
| 005 | 20250205161938.0 | ||
| 008 | 960826s1997 nyua b 000 1 eng | ||
| 010 | _a 96042561 | ||
| 020 | _a0679866973 (pbk.) | ||
| 020 | _a0679966978(lib. bdg.) | ||
| 040 |
_aDLC _cDLC _dDLC _beng |
||
| 050 | 0 | 0 | _aPZ7.P2197 |
| 082 | _a813.54 | ||
| 100 | 1 | _aPark, Barbara. | |
| 245 | 1 | 0 |
_aJunie B. Jones has a monster under her bed / _cby Barbara Park ; illustrated by Denise Brunkus. |
| 250 | _aFirst Scholastic printing, October 1998 | ||
| 260 |
_aNew York : _bScholastic, _c1997. |
||
| 300 |
_a69 pages : _billustrations ; _c20 cm |
||
| 490 | 1 |
_aThe Junie B. Jones series ; _vBook 8 |
|
| 500 | _a"A stepping stone book." | ||
| 505 | _aJ | ||
| 520 | _aAfter hearing from a classmate at kindergarten that people have monsters under their beds, Junie B. Jones is afraid to go to sleep that night. | ||
| 521 | 0 |
_a480
_bLexile |
|
| 521 | 1 |
_aJ
_bRaz-Plus |
|
| 650 | 1 |
_aMonsters _xFiction. |
|
| 650 | 1 |
_aBedtime _xFiction. |
|
| 650 | 1 |
_aFear _xFiction. |
|
| 650 | 1 |
_aKindergarten _xFiction. |
|
| 650 | 1 |
_aSchools _xFiction. |
|
| 700 | 1 |
_aBrunkus, Denise _eillustrator |
|
| 906 |
_a7 _bcbc _corignew _d1 _eocip _f19 _gy-gencatlg |
||
| 942 |
_2ddc _cBK _n0 |
||
| 999 |
_c4214 _d4214 |
||